Madīnat al-aḥlām, (Record no. 46801)

MARC details
000 -LEADER
fixed length control field 00719cam a22002411 4500
001 - CONTROL NUMBER
control field ne 64000669
003 - CONTROL NUMBER IDENTIFIER
control field DLC
005 - DATE AND TIME OF LATEST TRANSACTION
control field 20260227111757.0
008 - FIXED-LENGTH DATA ELEMENTS--GENERAL INFORMATION
fixed length control field 890130s1963 ua 000 0 ara c
010 ## - LIBRARY OF CONGRESS CONTROL NUMBER
LC control number ne 64000669
025 ## - OVERSEAS ACQUISITION NUMBER
Overseas acquisition number PL480:UAR-3686
035 ## - SYSTEM CONTROL NUMBER
System control number (OCoLC)19082115
040 ## - CATALOGING SOURCE
Original cataloging agency Princeton Univ. Libr.
Transcribing agency WaU
Modifying agency WaU
-- DLC
042 ## - AUTHENTICATION CODE
Authentication code premarc
043 ## - GEOGRAPHIC AREA CODE
Geographic area code ae-----
050 00 - LIBRARY OF CONGRESS CALL NUMBER
Classification number DS508.2
Item number .B26
100 1# - MAIN ENTRY--PERSONAL NAME
Personal name Badawī, Maḥmūd.
245 10 - TITLE STATEMENT
Title Madīnat al-aḥlām,
Statement of responsibility, etc. bi-qalam Maḥmūd al-Badawī.
260 ## - PUBLICATION, DISTRIBUTION, ETC.
Place of publication, distribution, etc. [al-Qāhirah,
Name of publisher, distributor, etc. al-Dār al-Qawmīyah lil-Ṭibāʻah wa-al-Nashr,
Date of publication, distribution, etc. 1963?]
300 ## - PHYSICAL DESCRIPTION
Extent 121 p.
Dimensions 24 cm.
490 0# - SERIES STATEMENT
Series statement Min al-Sharq wa-al-Gharb
651 #0 - SUBJECT ADDED ENTRY--GEOGRAPHIC NAME
Geographic name East Asia
General subdivision Description and travel.

No items available.

Powered by Koha